| 000 | 00425nam a2200181Ia 4500 | ||
|---|---|---|---|
| 008 | 230711s9999||||xx |||||||||||||| ||und|| | ||
| 020 | _a81-8054-538-5 | ||
| 041 | _aENG | ||
| 082 |
_a658.015 _bSA-B |
||
| 100 | _aSancheti,D.C | ||
| 245 | 0 | _aBusiness Mathematics | |
| 250 | _a11th Ed. | ||
| 260 |
_c2010 _aNew Delhi _bSultan Chand & Sons |
||
| 300 | _a1193 | ||
| 650 | _aMathematics | ||
| 700 | _aKapoor V K | ||
| 942 | _cBK | ||
| 999 |
_c5027 _d5027 |
||